000 00396nas a2200169 a 4500
001 159045
003 253743
005 20201118123605.0
008 171116e2017 ck ||||||||| 000 0 spa d
041 _aspa
245 0 _aRevista Semana - No.1854 (12-19 nov. 2017)
260 _aBogotá :
_c2017.
562 _e12
773 _016112
_aSemana
942 _cSISS
999 _c159045
_d159045